Podnik - nájom, predaj, vklad, darovanie, dedenie, dražba
Vymedzenie pojmu "podnik". Podnik ako objekt vlastníctva, ako predmet záložného práva, nájom podniku, zmluva o predaji podniku, vklad podniku do základného imania obchodnej spoločnosti, podnik ako predmet darovania, predaj podniku na dražbe, podnik ako predmet dedičstva.
Uložené v:
| Hlavný autor: | |
|---|---|
| Médium: | Kapitola |
| Jazyk: | Slovak |
| Predmet: | |
| Tagy: |
Žiadne tagy, Buďte prvý, kto otaguje tento záznam!
|
MARC
| LEADER | 00000naa a2200000 4500 | ||
|---|---|---|---|
| 001 | r048795 | ||
| 005 | 20231003105021.7 | ||
| 041 | 0 | |a slo | |
| 044 | |a SK | ||
| 245 | 1 | 0 | |a Podnik - nájom, predaj, vklad, darovanie, dedenie, dražba |c Imrich Fekete |
| 520 | |a Vymedzenie pojmu "podnik". Podnik ako objekt vlastníctva, ako predmet záložného práva, nájom podniku, zmluva o predaji podniku, vklad podniku do základného imania obchodnej spoločnosti, podnik ako predmet darovania, predaj podniku na dražbe, podnik ako predmet dedičstva. | ||
| 610 | 2 | 0 | |a podnik |
| 610 | 2 | 0 | |a prenájom |
| 610 | 2 | 0 | |a predaj |
| 610 | 2 | 0 | |a vklady |
| 610 | 2 | 0 | |a dary |
| 610 | 2 | 0 | |a dražby |
| 610 | 2 | 0 | |a právo záložné |
| 100 | 1 | |a Fekete, Imrich | |